Responses for Show #8534 - Thursday, December 16, 2021

2021 Professors Tournament final game 1.

Contestants

[<< previous game]

Alisa Hove, a botany professor from Warren Wilson College in Asheville, North Carolina

Ed Hashima, a history professor from American River College in Sacramento, California

Sam Buttrey, an associate professor of operations research from Naval Postgraduate School in Monterey, California

[next game >>]

Jeopardy! Round responses

GEOGRAPHIC NICKNAMES
FASHION
THE 15th CENTURY
CLASSIC MOVIES
WHAT DO YOU KNOW?
ENDS WITH A SILENT CONSONANT
    $200 1
the Missouri

Sam
    $200 20
little white dress

Sam
    $200 15
(Ed: What is Hell?)
...
(Mayim: What is [*]? The opposite.)
[Laughter]

Paradise

Ed
Triple Stumper
    $200 19
The Princess Bride

Alisa
    $200 10
(Alisa: What are your knots?)

the ropes

SamAlisa
    $200 6
autumn

Sam
    $400 2
(Mayim: Yes, the "Eternal City".)

Rome

Sam
    $400 25
(Sam: What are stripes?)

wales

SamEd
    $400 16
Santa Maria

Sam
    $400 21
Psycho

Sam
    $400 11
"The Gambler"

Ed
    $400 7
tomb

Sam
    $600 3
the Magna Carta

Ed
    $600 26
(Mayim: I look terrible in it.)
[Laughter]

a paperbag waist

Triple Stumper
    $600 17
Joan of Arc

Sam
    $600 22
Taxi Driver

Alisa
    $600 12
Hamlet

Triple Stumper
    $600 8
his valet

Triple Stumper
    $800 4
Mont Blanc

Ed
    $800 27
tulle

Alisa
    $800 29
Lucrezia Borgia

Ed
    $800 23
The Dirty Dozen

Sam
    $800 13
Farmers (Insurance)

Ed
    $800 9
solemn

Sam
    $1000 5
the Ottoman Empire

Sam
    $1000 28
(Mayim: And since you're asking, I happen to look good in those.)
[Laughter]

a peplum

Triple Stumper
    $1000 30
Torquemada

Sam
    $1000 24
Rashomon

Sam
    $1000 14
(Mayim: Possibly referring to Oxford English Dictionary editor C.T. [*].)

onions

Triple Stumper
    $1000 18
bourgeois

Ed

Scores at the first commercial break (after clue 15):

Sam Ed Alisa
$3,200 $2,400 -$200

Scores at the end of the Jeopardy! Round:

Sam Ed Alisa
$7,200 $4,600 $1,400

Double Jeopardy! Round responses

LITERARY MUSEUMS
PLANTS & ANIMALS & FUNGI, OH MY!
SNOW-POURRI
PROTEST SONGS
MIRROR IMAGE WORDS
SAY YOUR PRAYERS
    $400 10
Oz

Sam
    $400 1
Ferns

Sam
    $400 23
crystals

Triple Stumper
    $400 5
thoughts and prayers

Ed
    $400 2
loot & tool

Alisa
    $400 17
rosary

Sam
    $800 11
the Beat movement

Ed
    $800 3
collagen

Alisa
    $800 25
(Alisa: What are Frosted Flakes?)

Corn Flakes

EdAlisa
    $800 6
Kendrick Lamar

Ed
    $800 13
made & Edam

Sam
    $800 18
the Book of Common Prayer

Ed
    $1200 12
(Alex) Haley

Sam
    $1200 4
mycology

Sam
    $1200 26
the Green Mountains

Sam
    $1200 7
Little Steven (Steven Van Zandt)

Ed
    $1200 14
drab & bard

Sam
    $1200 19
the emperor

Sam
    $1600 24
(Ed: What is Lowell?)

Springfield

Ed
Triple Stumper
    $2,600 21
(Alisa: Oh, I don't have to buzz in.)
[Laughter]
...
(Mayim: For a professor of botany, that is absolutely correct.)
[Applause]

a rust

Alisa
    $1600 28
the Wars of the Roses

Sam
    $1600 8
(Alisa: Who are N.W.A.?)

Rage Against the Machine

Alisa
Triple Stumper
    $2,400 15
rime & emir

Sam
    $1600 20
Orpheus

Alisa
    $2000 30
McGuffey

Sam
    $2000 22
eukaryotes

Alisa
    $2000 29
The Snow Man

Triple Stumper
    $2000 9
Sam Cooke

Ed
    $2000 16
Eton & note

Sam
    $2000 27
a muezzin

Triple Stumper

Scores at the end of the Double Jeopardy! Round:

Sam Ed Alisa
$23,200 $9,800 $6,400

Final Jeopardy! Round responses

WORLD WAR II GEOGRAPHY
AlisaWhat is the South China Sea?
$2,600
EdWhat is the Sea South China Sea?
$5,200
SamWhat is a Indonesian Sea?
$3,200
the Java Sea

Final scores:

Sam Ed Alisa
$20,000 $4,600 $3,800

Game dynamics:

Coryat scores:

Sam Ed Alisa
$22,400 $9,800 $5,400
27 R
(including 1 DD),
1 W
14 R
(including 1 DD),
2 W
8 R
(including 1 DD),
3 W

Combined Coryat: $37,600

[game clues] [game scores] [suggest correction]

Game tape date: 2021-10-26
The J! Archive is created by fans, for fans. Scraping, republication, monetization, and malicious use prohibited; this site may use cookies and collect identifying information. See terms. The Jeopardy! game show and all elements thereof, including but not limited to copyright and trademark thereto, are the property of Jeopardy Productions, Inc. and are protected under law. This website is not affiliated with, sponsored by, or operated by Jeopardy Productions, Inc. Join the discussion at JBoard.tv.